000
00386nam a2200133Ia 4500
008
100328s9999 xx 000 0 und d
082
_b
51096
100
_a
गोळे गिरीश
245
_a
चुकलेली वाट.
260
_b
मनमोहिनी
630
_a
चुकलेली वाट.
730
_a
चुकलेली वाट.
942
_c
BOOK
999
_c
538095
_d
538092